[Event "Titled Tuesday intern op 29th June"]
[Site "Chess.com INT"]
[Date "2021.06.29"]
[Round "8"]
[White "Dong, Khanh Linh"]
[Black "Malinovsky, Rostyslav"]
[Result "0-1"]
[WhiteElo "1970"]
[BlackElo "2174"]
[PlyCount "92"]
[EventDate "2021.06.29"]
[EventType "swiss (blitz)"]
[EventRounds "11"]
[EventCountry "USA"]
[SourceTitle "CBM 203 Extra"]
[Source "ChessBase"]
[SourceDate "2021.09.30"]
[SourceVersion "1"]
[SourceVersionDate "2021.09.30"]
[SourceQuality "1"]

1. e4 c5 2. Nf3 e6 3. d4 cxd4 4. Nxd4 Nc6 5. Nc3 Qc7 6. a3 a6 7. Be3 Nf6 8. Bd3 Nxd4 9. Bxd4 Bc5 10. Bxc5 Qxc5 11. 0-0 e5 12. h3 d6 13. Na4 Qc7 14. c4 0-0 15. b4 b5 16. Nb2 Bb7 17. Qe2 bxc4 18. Nxc4 d5 19. exd5 Nxd5 20. Qe4 g6 21. Qxe5 Qxe5 22. Nxe5 Nf4 23. f3 Rfe8 24. Be4 Bxe4 25. fxe4 Nxh3+ 26. gxh3 Rxe5 27. Rf4 Rae8 28. Raf1 R8e7 29. Rf6 a5 30. R1f4 axb4 31. axb4 Rxe4 32. Rxf7 Rxf7 33. Rxe4 Rf5 34. Kg2 Kf7 35. Rc4 Kf6 36. Rc6+ Kg7 37. Rc7+ Kh6 38. Rb7 Rd5 39. Kg3 Rd2 40. b5 Rb2 41. h4 Rb4 42. b6 Rb5 43. Kg4 Rb4+ 44. Kg3 Rb3+ 45. Kf4 Rb1 46. Rb8 Rh1 0-1

[Event "Titled Tuesday intern op 29th June"]
[Site "Chess.com INT"]
[Date "2021.06.29"]
[Round "6"]
[White "Dong, Khanh Linh"]
[Black "Manukyan, Artyom"]
[Result "1-0"]
[WhiteElo "1970"]
[BlackElo "2116"]
[PlyCount "85"]
[EventDate "2021.06.29"]
[EventType "swiss (blitz)"]
[EventRounds "11"]
[EventCountry "USA"]
[SourceTitle "CBM 203 Extra"]
[Source "ChessBase"]
[SourceDate "2021.09.30"]
[SourceVersion "1"]
[SourceVersionDate "2021.09.30"]
[SourceQuality "1"]

1. e4 c5 2. Nf3 d6 3. d4 cxd4 4. Nxd4 Nf6 5. Nc3 g6 6. Be3 Bg7 7. f3 0-0 8. Qd2 Nc6 9. 0-0-0 d5 10. exd5 Nxd5 11. Nxc6 bxc6 12. Bd4 Nxc3 13. Qxc3 Bh6+ 14. Be3 Bxe3+ 15. Qxe3 Qb6 16. Qxe7 Be6 17. Qa3 Rfd8 18. Bd3 Rd5 19. Be4 Ra5 20. Qc3 Rxa2 21. b3 Qa6 22. Bd3 Qa3+ 23. Kd2 Rd8 24. Rb1 Qd6 25. Ke2 Qf4 26. Kf2 c5 27. g3 Qd6 28. Rhd1 Qb6 29. Bc4 Rxd1 30. Rxd1 Bf5 31. Rd2 h5 32. Kg2 a5 33. Re2 Qc6 34. Rd2 Qb6 35. h3 a4 36. g4 hxg4 37. hxg4 Be6 38. Qf6 Rxc2 39. Rxc2 axb3 40. Bxe6 fxe6 41. Rd2 b2 42. Rd8+ Kh7 43. Rh8# 1-0

[Event "Titled Tuesday intern op 22nd June"]
[Site "Chess.com INT"]
[Date "2021.06.22"]
[Round "1"]
[White "Gritsenko, Nikolai"]
[Black "Dong, Khanh Linh"]
[Result "1-0"]
[WhiteElo "2309"]
[BlackElo "1970"]
[PlyCount "109"]
[EventDate "2021.06.22"]
[EventType "swiss (blitz)"]
[EventRounds "11"]
[EventCountry "USA"]
[SourceTitle "CBM 203 Extra"]
[Source "ChessBase"]
[SourceDate "2021.09.30"]
[SourceVersion "1"]
[SourceVersionDate "2021.09.30"]
[SourceQuality "1"]

1. b3 c5 2. Bb2 b6 3. Nf3 Bb7 4. c4 Nf6 5. e3 Nc6 6. Be2 e6 7. 0-0 Be7 8. d4 cxd4 9. Nxd4 0-0 10. Bf3 d5 11. Nxc6 Bxc6 12. Nc3 Rc8 13. cxd5 Nxd5 14. Nxd5 Bxd5 15. Bxd5 Qxd5 16. Qxd5 exd5 17. Rac1 Bc5 18. Rfd1 Rfd8 19. Kf1 f6 20. Ke2 Kf7 21. Kd3 Ke6 22. Rc2 Bd6 23. Rxc8 Rxc8 24. h3 Be5 25. Rd2 Bxb2 26. Rxb2 Rc1 27. Rc2 Rd1+ 28. Ke2 Rg1 29. Rc7 Rxg2 30. Rxa7 Kd6 31. a4 h5 32. b4 g5 33. Rb7 Kc6 34. Rf7 g4 35. Rxf6+ Kc7 36. hxg4 Rxg4 37. a5 Rxb4 38. axb6+ Rxb6 39. Rf5 Rh6 40. Rxd5 h4 41. Rd1 Kc6 42. f3 Rg6 43. Rh1 Rh6 44. f4 Kd5 45. Kf3 h3 46. Rd1+ Ke6 47. Kg3 Kf5 48. Rd5+ Ke4 49. Re5+ Kd3 50. Kh2 Kc4 51. f5 Rh5 52. e4 Kd4 53. Re6 Ke3 54. f6 Kf4 55. f7 1-0

[Event "Titled Tuesday intern op 22nd June"]
[Site "Chess.com INT"]
[Date "2021.06.22"]
[Round "4"]
[White "Storme, Isak"]
[Black "Dong, Khanh Linh"]
[Result "1-0"]
[WhiteElo "2397"]
[BlackElo "1970"]
[PlyCount "59"]
[EventDate "2021.06.22"]
[EventType "swiss (blitz)"]
[EventRounds "11"]
[EventCountry "USA"]
[SourceTitle "CBM 203 Extra"]
[Source "ChessBase"]
[SourceDate "2021.09.30"]
[SourceVersion "1"]
[SourceVersionDate "2021.09.30"]
[SourceQuality "1"]

1. e4 c5 2. Nf3 d6 3. d4 cxd4 4. Nxd4 Nf6 5. Nc3 a6 6. f3 e5 7. Nb3 Be6 8. Be3 Nc6 9. Qe2 Be7 10. 0-0-0 0-0 11. g4 b5 12. h4 Qc7 13. h5 b4 14. Nd5 Bxd5 15. exd5 Na5 16. g5 Nd7 17. g6 h6 18. gxf7+ Rxf7 19. Bh3 Kh8 20. Rhg1 Nf6 21. Be6 Rff8 22. Nxa5 Qxa5 23. Qg2 Nxh5 24. Qg6 Rf6 25. Qxh5 Bf8 26. Bg5 Rxe6 27. dxe6 Rc8 28. Bxh6 gxh6 29. Qf7 Rxc2+ 30. Kxc2 1-0